000 00356 a2200145 4500
001 169675
020 _a
040 _cMagnum
100 _aMinisterio da Educacao e Cultura
240 1 0 _aMediatamente ! televisao, cultura e educacao
_lpor
245 1 0 _aMediatamente ! televisao, cultura e educacao
362 0 _a1899
697 _aENSINO
942 _cBK
999 _c169675
_d169675